Introductory circuit analysis / (Record no. 72)

MARC details
000 -LEADER
fixed length control field 00918nac a22002291u 4500
010 ## - LIBRARY OF CONGRESS CONTROL NUMBER
LC control number 2002019603
020 ## - INTERNATIONAL STANDARD BOOK NUMBER
International Standard Book Number 013097417X (alk. paper)
020 ## - INTERNATIONAL STANDARD BOOK NUMBER
International Standard Book Number 0130484334
082 00 - DEWEY DECIMAL CLASSIFICATION NUMBER
Classification number 621.319/2
Item number B7927
090 ## - LOCALLY ASSIGNED LC-TYPE CALL NUMBER (OCLC); LOCAL CALL NUMBER (OCLC)
-- 72
-- 72
100 ## - MAIN ENTRY--PERSONAL NAME
Personal name Boylestad, Robert L.
245 10 - TITLE STATEMENT
Title Introductory circuit analysis /
Statement of responsibility, etc Robert L. Boylestad.
250 ## - EDITION STATEMENT
Edition statement 10th ed.
260 ## - PUBLICATION, DISTRIBUTION, ETC. (IMPRINT)
Place of publication, distribution, etc Upper Saddle River, N.J. :
Name of publisher, distributor, etc Prentice Hall,
Date of publication, distribution, etc c2003.
300 ## - PHYSICAL DESCRIPTION
Extent xvi, 1228 p. :
Other physical details ill. (some col.) ;
Dimensions 29 cm. +
Accompanying material 1 CD-ROM (4 3/4 in.)
500 ## - GENERAL NOTE
General note Includes index.
538 ## - SYSTEM DETAILS NOTE
System details note System requirements for accompanying CD-ROM: Microsoft Windows 95 or higher.
650 #0 - SUBJECT ADDED ENTRY--TOPICAL TERM
Topical term or geographic name as entry element Electric circuits.
650 #0 - SUBJECT ADDED ENTRY--TOPICAL TERM
Topical term or geographic name as entry element Electric circuit analysis
General subdivision Data processing.
942 ## - ADDED ENTRY ELEMENTS (KOHA)
Item type Book - Borrowing
Call number prefix 621.3192B7927
Holdings
Withdrawn status Item status Damaged status Not for loan Home library Current library Shelving location Date acquired Source of acquisition Total Checkouts Full call number Barcode Date last seen Date last borrowed Cost, replacement price Koha item type
        Central Library Central Library First floor 05/12/2015 Purchase 3 621.3192 BOY 000004709 15/07/2025 06/11/2017 280.00 Book - Borrowing